Name all Mixels - Statistics

General Stats
  • This quiz has been taken 11 times
    9 since last reset
  • The average score is 43 of 90
Answer Stats
Series Tribe Answer % Correct
2 Fang Gang Chomly
100%
2 Frosticons Flurr
100%
1 Cragsters Krader
100%
1 Cragsters Seismo
100%
1 Cragsters Shuff
100%
1 Electroids Teslo
100%
1 Electroids Zaptor
100%
1 Infernites Zorch
100%
1 Infernites Flain
83%
2 Fang Gang Gobba
83%
2 Fang Gang Jawg
83%
2 Flexers Kraw
83%
2 Frosticons Lunk
83%
3 Wiztastics Mesmo
83%
4 Orbitons Niksput
83%
4 Orbitons Nurp-Naut
83%
2 Frosticons Slumbo
83%
1 Electroids Volectro
83%
1 Infernites Vulk
83%
3 Wiztastics Wizwuz
83%
4 Infernite Cousins Burnard
67%
4 Infernite Cousins Flamzer
67%
3 Spikels Footi
67%
3 Glorp Corp Glomp
67%
3 Glorp Corp Glurt
67%
3 Spikels Hoogi
67%
3 Wiztastics Magnifo
67%
4 Infernite Cousins Meltus
67%
3 Spikels Scorpi
67%
2 Flexers Tentro
67%
3 Glorp Corp Torts
67%
4 Glowkies Boogly
50%
2 Flexers Bulk
50%
9 Nindjas Cobrax
50%
4 Glowkies Globert
50%
5 Klinkers Jinky
50%
5 Klinkers Kamzo
50%
8 Pyrratz Lewt
50%
7 Medivals Mixadel
50%
9 Newzers Myke
50%
9 Nindjas Mysto
50%
4 Orbitons Rokit
50%
9 Newzers Screeno
50%
8 Pyrratz Sharx
50%
8 Pyrratz Skulzy
50%
6 Glorp Corp Cousin Slusho
50%
6 Munchos Snax
50%
9 Nindjas Spinza
50%
7 Mixies Tapsy
50%
5 Lixers Tungster
50%
8 Medix Tuth
50%
6 Munchos Burp
33%
7 Medivals Camillot
33%
6 Glorp Corp Cousins Dribbal
33%
5 Klinkers Gox
33%
All Nixels King Nixel
33%
All Nixels Major Nixel
33%
7 Medivals Paladum
33%
5 Frosticon Cousins Snoof
33%
9 Trashoz Sweepz
33%
7 MCPD Tikets
33%
5 Lixers Turg
33%
6 Munchos Vaka-Waka
33%
6 Weldos Wuzzo
33%
8 MCFD Aquad
17%
All Nixels Army/Minions
17%
All Nixels Boomerang Nixel
17%
All Nixels Boxing Nixel
17%
7 MCPD Bustos
17%
9 Newzers Camsta
17%
All Nixels Cannon Nixel
17%
5 Frosticon Cousins Chilbo
17%
9 Trashoz Compaz
17%
9 Trashoz Gobbol
17%
6 Glorp Corp Cousins Gurggle
17%
8 MCFD Hydro
17%
6 Weldos Kram
17%
5 Frosticon Cousins Krog
17%
7 MCPD Kuffs
17%
All Nixels Muscle Nixel
17%
All Nixels Nixie
17%
8 Medix Skrubs
17%
All Nixels Slap Nixel
17%
8 MCFD Splasho
17%
5 Lixers Spugg
17%
7 Mixies Trumpsy
17%
6 Weldos Forx
0%
7 Mixies Jamsy
0%
8 Medix Surgeo
0%
4 Glowkies Vampoos
0%
No matching quizzes found
Score Distribution
Percent of People with Each Score
Percentile by Number Answered
Your Score History
You have not taken this quiz since the last reset